00781cam a2200253 a 4500001000800000005001700008008004100025010001700066020001500083020001400098040002300112041000800135060001600143080001400159082001800173100000600191101000800197245007900205504005100284906004500335942001200380999001700392952011800409105134520180810053057.0900105s1990 nyua b 001 0 eng c a 90002725  a0879933828 z087933828 aDNLM/DLCcDLCdDLC aeng aWG 220 D489 a616.1204300a616.12043220 a7 aKAR00aDevelopmental cardiology :cedited by Edward B. Clark and Atsuyoshi Takao. aIncludes bibliographical references and index. a7bcbccorignewd1eocipf19gy-gencatlg 2ddccBK c47000d47000 00102udc40708PËKGa002b002cPËKGd2018-08-10l0o616.12043 CLAp002-3010771r2018-08-10w2018-08-10yBK